000 00504nam a2200157 4500
001 131362
003 ES-MaACL
007 t|
008 070214s1955 sp r ||||1| spa d
100 1 _aRobles Pompa, Julio.
_997953
245 1 0 _aCurso de contabilidad general /
_cpor Julio Robles Pompa y Florián Ruiz Vélez-Frías.
260 _aMadrid :
_b[s. n.],
_c1955 (
_fImp. La Rafa)
300 _a205 p. ;
_c24 cm.
700 1 _aRuiz Vélez-Frías, Florián.
_9100950
852 _aES-MaACL
_jC-9196
_bR.37390
999 _c131362
_d131362